Регионална библиотека "Любен Каравелов" - Русе

Приключения, пътешествия, фантастика (Запис номер 56738)

MARC детайли
000 -Лидер
Контролно поле с фиксирана дължина nam a22 a 4500
003 - Код на организацията, давaща контролен номер
Контролно поле BLK
005 - Дата и час на последна редакция
Контролно поле 20221212105547.0
008 - Елементи от данни с фиксирана дължина
fixed length control field 180408b bul|||||r ||||||| ||bul||
040 ## - Източник на каталожния запис
Идентификатор на билиотеката - собственик на записа BLK
041 ## - Код за език
Код за езика на текст/звукозапис или на отделно заглавие Български
Код за езика КДБФ Български
080 ## - УДК
Текстов определител УДК Специална библиография
УДК код - определител по УДК 016
УДК определител :820/899
УДК - код + определител 016:820/899
080 ## - УДК
Текстов определител УДК Литература на отделни езици и езикови семейства
УДК код - определител по УДК 821
УДК определител (01)
УДК - код + определител 821(01)
100 1# - Редна дума - Автор
Автор Дюгмеджиева, Петя Трифонова
Авторска отговорност първи автор
R(LIN) 369365
139 ## - Редно поле
Редна дума Дюгмеджиева, Петя Трифонова
245 10 - Сведения за заглавието
Заглавие Приключения, пътешествия, фантастика
Подзаглавни данни Препоръчителен библиогр. указател
Редно поле (дума) състав. Петя Дюгмеджиева.
257 ## - Страна на издаване
Страна на създаване/издаване България
260 ## - Област на издателските данни
Място на издаване, разпространение и проч. София
Име на издателя, разпространителя и проч. Нар. библ. Св. св. Кирил и Методий
Година на издаване 1981
300 ## - Физическа характеристика
Страници 211 с.
Размери/Мащаб 21 см
380 ## - Жанр
Жанр Общ отдел
650 #4 - Допълнително описание по предмет – тема
Основно описание – тема или топоним Литература - библиографии
9 (RLIN) 277482
653 ## - Ключова дума – ненормативна
Ключова дума художествена литература
653 ## - Ключова дума – ненормативна
Ключова дума библиографии
852 ## - Местоположение
Форматна сигнатура Цб 109724
Фондова буква Хранилище
999 ## - СИСТЕМНИ КОНТРОЛНИ НОМЕРА
Koha biblionumber 56738
Koha biblioitemnumber 56738
942 ## - АРТИКУЛИ
Вид на библиотечния материал Книги
Скрит в OPAC Не
Периодичен библиозапис Да
944 ## - СЪЗДАВАНЕ И РЕДАКЦИЯ на ЗАПИСА
Създаване/Редакция Създаване
Дата на регистрацията/редакция 13.06.2004
Служител, извършил регистрацията/редакцията Наталия_Медовщикова
944 ## - СЪЗДАВАНЕ И РЕДАКЦИЯ на ЗАПИСА
Създаване/Редакция Редакция
Дата на регистрацията/редакция 2022-12-12
Наличности
Код за отписване Код за изгубен артикул Източник на класификационната схема Код за повреда Коз за рестрикции Код за отдаване Артикулен № Име на библиотеката - собственик Име на библиотеката, в която се намира в момента Статус (Текущо местоположение) Дата на вписване в системата Местоположение - отдел Цена в лева Инвентарен номер Систематично азбучна сигнатура Баркод Номер на екземпляра Цена в евро Служебна бележка Служебен тип на артикула
Изтеглен Не е изгубен Universal Decimal Classification Не е повреден без рестрикции ползва се в читалня 90588 Регионална библиотека "Любен Каравелов" Русе Регионална библиотека "Любен Каравелов" Русе Читалня - справочен фонд 1993-01-01 Читалня - справочен фонд 1.32 336052 СЧ 016:8/Д97П 336052 1 0.67 Дата инв: 31.03.2017 Бележки инв: СЧ2017 Книги
  Не е изгубен Universal Decimal Classification Не е повреден само за читалня ползва се в читалня 90589 Регионална библиотека "Любен Каравелов" Русе Регионална библиотека "Любен Каравелов" Русе СБИД 1981-01-01 СБИД 1.32 336051 С 016:8/Д 97 П 120000336051 2 0.67 N: стар фонд Дата: 01.01.1981 Дата инв: 08.06.2017 Бележки инв: С2017 Книги
  Не е изгубен Universal Decimal Classification Не е повреден без рестрикции ползва се в читалня 90590 Регионална библиотека "Любен Каравелов" Русе Регионална библиотека "Любен Каравелов" Русе Хранилище 1981-01-01 Хранилище 1.32 332573 Цб 109724 120000332573 3 0.67 N: стар фонд Дата: 01.01.1981 Книги
Vip Innovations Ltd, Rousse, Bulgaria 2025